| 000 | 00625nam a22001697a 4500 | ||
|---|---|---|---|
| 003 | SGT | ||
| 020 | _a9788121904667 | ||
| 082 | _a530,ARO | ||
| 100 | _aARORA,C.L | ||
| 245 |
_aREFRESHER COURSE IN PHYSICS VOL 2ND & 3RD _bFOR B.SC (PASS/HONS.) OF ALL INDIAN UNIVERSITIES |
||
| 250 | _a19TH | ||
| 260 |
_aNEW DELHI _bS.CHAND _c2014 |
||
| 300 | _a495 | ||
| 650 | _aPHYSICS | ||
| 653 | _aVOL 2ND Heat, Thermodynamics And Statistical Physics Section-2: Optics And Laser Section3: Quantum Physics .. VOL-3RD Section-I: Solid State Physics| Section-Ii Electronics | Section-Iii: Nuclear And Particle Physics | ||
| 942 |
_2ddc _cFPS _011 |
||
| 999 |
_c9320 _d9320 |
||